Learning Resource and Development

Nutrition for health and health care / (Record no. 29469)

MARC details
000 -LEADER
fixed length control field 01920nam a2200325 i 4500
003 - CONTROL NUMBER IDENTIFIER
control field CSPC
005 - DATE AND TIME OF LATEST TRANSACTION
control field 20250424133834.0
008 - FIXED-LENGTH DATA ELEMENTS--GENERAL INFORMATION
fixed length control field 250423s2023 maua b 001 0 eng d
020 ## - INTERNATIONAL STANDARD BOOK NUMBER
International Standard Book Number 9780357730317
040 ## - CATALOGING SOURCE
Transcribing agency CSPC
Original cataloging agency CSPC
Language of cataloging eng
Description conventions rda
050 00 - LIBRARY OF CONGRESS CALL NUMBER
Classification number QP143
082 00 - DEWEY DECIMAL CLASSIFICATION NUMBER
Classification number 613.2
Item number D354n
100 1# - MAIN ENTRY--PERSONAL NAME
Personal name DeBruyne, Linda,
Relator term author.
245 10 - TITLE STATEMENT
Title Nutrition for health and health care /
Statement of responsibility, etc. Linda DeBruyne and Kathryn Pinna.
250 ## - EDITION STATEMENT
Edition statement Eighth edition.
264 #1 - PRODUCTION, PUBLICATION, DISTRIBUTION, MANUFACTURE, AND COPYRIGHT NOTICE
Place of production, publication, distribution, manufacture Boston, Massachusetts :
Name of producer, publisher, distributor, manufacturer Cengage,
Date of production, publication, distribution, manufacture, or copyright notice 2023.
300 ## - PHYSICAL DESCRIPTION
Extent xx, 674 [IN-18] pages :
Other physical details color illustrations ;
Dimensions 28 cm.
336 ## - CONTENT TYPE
Content type term text
Source rdacontent
337 ## - MEDIA TYPE
Media type term unmediated
Source rdamedia
338 ## - CARRIER TYPE
Carrier type term volume
Source rdacarrier
504 ## - BIBLIOGRAPHY, ETC. NOTE
Bibliography, etc. note Includes bibliographical references and index.
505 0# - FORMATTED CONTENTS NOTE
Formatted contents note Overview of nutrition and health -- Digestion and absorption -- Carbohydrates -- Lipids -- Protein -- Energy balance and body composition -- Weight management -- The vitamins -- Water and the minerals -- Nutrition trough the life span: infancy, childhood, and adolescence -- Nutrition through the life span: later adulthood -- Nutrition care and assessment -- Nutrition intervention and diet-drug interactions -- Enteral and parenteral nutrition support -- Nutrition in metabolic and respiratory stress -- Nutrition in metabolic and respiratory stress -- Nutrition and upper gastrointestinal disorders -- Nutrition and lower gastrointestinal disorders -- Nutrition and liver diseases -- Nutrition and diabetes mellitus -- Nutrition and cardiovascular diseases -- Nutrition and renal diseases -- Nutrition, cancer, and HIV infection.
650 #0 - SUBJECT ADDED ENTRY--TOPICAL TERM
Topical term or geographic name entry element Nutrition.
650 #0 - SUBJECT ADDED ENTRY--TOPICAL TERM
Topical term or geographic name entry element Diet therapy.
650 #0 - SUBJECT ADDED ENTRY--TOPICAL TERM
Topical term or geographic name entry element Nutritionally induced diseases.
650 #0 - SUBJECT ADDED ENTRY--TOPICAL TERM
Topical term or geographic name entry element Health.
700 1# - ADDED ENTRY--PERSONAL NAME
Personal name Pinna, Kathryn,
Relator term author.
942 ## - ADDED ENTRY ELEMENTS (KOHA)
Source of classification or shelving scheme Dewey Decimal Classification
Suppress in OPAC No
Koha item type Books
Classification part 613.2
Call number prefix NUR
Call number suffix 2023
Holdings
Withdrawn status Lost status Source of classification or shelving scheme Damaged status Not for loan Home library Current library Shelving location Date acquired Total Checkouts Full call number Barcode Date last seen Copy number Price effective from Koha item type
    Dewey Decimal Classification     Main Library Main Library Nursing Section 04/23/2025   NUR 613.2 D354n 2023 029449 04/23/2025 1-1 04/23/2025 Books